| 000 | 01005nas a2200289 4500 | ||
|---|---|---|---|
| 001 | BR2012000444 | ||
| 003 | BR-BrBNA | ||
| 005 | 20231205120017.0 | ||
| 007 | ta | ||
| 008 | 230509b bl.|||p| |||| 00| 00por d | ||
| 040 |
_aBR-BrBNA _bpor _cBiblioteca Nacional de Agricultura |
||
| 041 | _a(En) | ||
| 072 | _aF63 | ||
| 100 | 1 | _aRech, A.R. | |
| 100 | 1 | _aManente-Balestieri, F.C. de L. | |
| 100 | 1 | _aAbsy, M.L. | |
| 245 | 1 | _aReproductive biology of Davilla kunthii A. St-Hil. (Dilleniaceae)in Central Amazonia | |
| 246 | 1 | _aReproductive biology of Davilla kunthii A. St-Hil. (Dilleniaceae)in Central Amazonia | |
| 650 | _aBIOLOGIA | ||
| 650 | _aPOLINIZAÇÃO | ||
| 650 | _aREPRODUÇÃO VEGETAL | ||
| 650 | _aABELHA | ||
| 773 | 0 |
_tActa Botanica Brasilica (Brazil) _xISSN 0102-3306 _g(Apr-Jun 2011), v. 25(2) p. 487-496 _wBR2012000444 |
|
| 856 | 4 |
_uhttp://www.scielo.br/pdf/abb/v25n2/a24v25n2.pdf _yRecurso eletrônico (PDF) |
|
| 909 |
_a202311 _bLúcia _c55 _dLúcia Elande |
||
| 942 |
_2AGRIS _n0 _cANA |
||
| 999 |
_c216671 _d216671 |
||